00344nam a2200133Ia 4500008004100000020001500041041001200056082001600068100001800084245005600102260003700158300000800195650000700203221030s9999 xx 000 0 und d a8178840170 aEnglish a105.23bCha aV. K. Chandna 0aNetwork Theory & Circuit Analysiscby V. K. Chandna bCyber Tech Pub.aNew Delhic2001 a521 aEE